000 00437nam a2200181Ia 4500
001 11134
005 20260306161924.0
008 260306t1957||||xx |||||||||||||| ||spa||
041 _aESP
082 _a985.009
_bR65
100 _aRiva-Agüero, José de la,
_eAUT
245 0 _aPrecursores de la emancipación
260 _c1957
300 _a126 páginas :
_c17 cm.
650 _aGEN
654 _aCHU
942 _cLIB
_dJUS
_fJUS
_2ddc
_n
999 _c11134
_d11134